000 01758nam a2200397 i 4500
003 DO-SdBNP
005 20250616143317.0
007 ta
008 250402b2024 dr a b 000 0 spa d
020 _a9789945245462
040 _aDO-SdBNP
_bspa
_cBNPHU
_erda
041 _aspa
082 4 _aRD863.44
_bB257cu
_222
100 1 _aBarletta, Nelia
_935986
_eautor
_4aut.
245 1 0 _aCuando sea grande, quiero ser ... bióloga marina /
_cNelia Barletta ; ilustraciones, Guillermo Pérez ; editor, Jorge Luis Zamora ; corrección de estilo, Gisela Vargas.
250 _aPrimera edición
264 4 _aSanto Domingo :
_bSantillana Infantil y Juvenil,
_c©2024.
300 _a37 páginas :
_bilustraciones ;
_c21 cm.
336 _atexto
_btxt
_2rdacontent
337 _asin mediación
_bn
_2rdamedia
338 _avolumen
_bnc
_2rdacarrier
490 0 _aLoqueleo
490 0 _aVerde
_aCuento
_v4
490 0 _aCuando sea grande, quiero ser...
500 _aIncluye datos biográficos de la autora en la página 37.
520 _aA través de las acciones de Lucía, la autora transmite un mensaje poderoso sobre la necesidad de proteger nuestro entorno natural. Esta bella historia nos invita a reflexionar sobre el impacto de nuestras acciones en el medioambiente, y nos inspira a tomar medidas para protegerlo
521 _aA partir de 4 años.
590 _aInventariado 2025/ YL
650 4 _aLiteratura infantil dominicana
_973308
650 4 _aCuentos infantiles dominicanos
_977603
700 1 _aPérez, Guillermo,
_eilustrador
_923172
_4il.
700 1 _aZamora, Jorge Luis,
_eeditor
_935021
_4ed.
700 1 _aGuerra, Juan Luis
_d1957-
_ecorrección
_983789
_4corr.
910 _aYLockward. Validado. Control de calidad MFF
942 _2ddc
_cLF2
999 _c58569
_d58569